| 000 | 00996cam a22003137a 4500 | ||
|---|---|---|---|
| 003 | CHAP | ||
| 005 | 20220329142944.0 | ||
| 008 | 050415d1984 mx r 00110 spa d | ||
| 010 | _a90098 | ||
| 011 | _a91070 | ||
| 020 | _a9682315166 | ||
| 035 | _a101628 | ||
| 040 | _cCHAP | ||
| 082 | 0 | 4 |
_a500 _bC5 1984 |
| 245 | 1 | 0 |
_aQué es esa cosa llamada ciencia? : _buna valoración de la naturaleza y el estatuto de la ciencia y sus métodos _c/por Alan F. Chalmers |
| 250 | _a2ed. | ||
| 260 |
_aMéxico, D.F. : _bSiglo XXI , _c1984. |
||
| 300 | _a245 p. | ||
| 590 |
_aBATCH-UPD _b10 _c20130110 _lUCH01 _h1358 |
||
| 590 |
_aBATCH-UPD _b10 _c20130410 _lUCH01 _h0851 |
||
| 590 |
_aBATCH-UPD _b10 _c20130914 _lUCH01 _h0933 |
||
| 590 |
_aCONVERSION _b10 _c20130109 _lUCH01 _h1350 |
||
| 650 | 1 | 4 |
_aCiencia y filosofía. _923153 |
| 650 | 1 | 4 |
_aCiencia. _923107 |
| 901 | _aBK | ||
| 905 | _aAlejandra Carrasco M. | ||
| 942 | _cLIBRO | ||
| 949 |
_a500 C5 1984 _bBC _cLIBRO _d33724000798922 _eLIBRO _h105309 _i101628 _si |
||
| 999 |
_c90098 _d90098 |
||